000 00537nam a22001697a 4500
005 20251108164010.0
008 250721s1986 xx 000 0 ara d
082 1 4 _a210.433/سعي
100 1 _aالخضري، سعيد
245 1 0 _aالمذهب الإقتصادي الإسلامي :
_bالأصول المنهجية - الملكية - التوزيع /
264 1 _aالقاهرة :
_bدار النهضة،
_c1986.
300 _a834ص.
650 1 7 _aالإسلام
650 1 7 _aالإقتصاد
942 _2ddc
_cBK
999 _c1047
_d1047